00359nam a2200157Ia 4500008004100000020001500041041001200056082001100068100001200079245002700091250000800118260003300126300000800159650002100167700001300188221030s9999 xx 000 0 und d a8126523313 aEnglish a105.23 aE. Cole 0aNetwork Security Bible a2nd bWilley Pub.aNew Delhic2010 a891 aCSE Career Award aR. Krutz